Ассирия и Вавилония: пер. с нем.

Xehetasun bibliografikoak
Egile nagusia: Бецольд К. Карл
Beste egile batzuk: Генкель Г. Г. Герман Германович (переводчик)
Gaia:Прижизненное издание
4-е бесплатное приложение к журналу "Вестники Библиотека Самообразования" на 1904 г., апрель
Текст в русской дореформенной орфографии
Hizkuntza:errusiera
Argitaratua: Санкт-Петербург, Типография Акционерного общества Брокгауз-Ефрон, 1904
Saila:Брокгауз-Ефрон. Библиотека самообразования 1
Gaiak:
Formatua: Liburua
KOHA link:https://koha.lib.tpu.ru/cgi-bin/koha/opac-detail.pl?biblionumber=312048

MARC

LEADER 00000nam0a2200000 4500
001 312048
005 20231101013433.0
035 |a (RuTPU)RU\TPU\book\337415 
090 |a 312048 
100 |a 20151216d1904 km y0rusy50 ca 
101 1 |a rus  |c ger 
102 |a RU 
105 |a a z 001zy 
200 1 |a Ассирия и Вавилония  |e пер. с нем.  |f К. Бецольд  |g пер. со 2-го доп. немецкого издания Г. Г. Генкеля 
210 |a Санкт-Петербург  |c Типография Акционерного общества Брокгауз-Ефрон  |d 1904 
215 |a 144 с.  |c с 84 рис. на 48 таблицах 
225 1 |a Брокгауз-Ефрон. Библиотека самообразования  |i Всемирная история по странам и эпохам  |v 1 
300 |a Прижизненное издание 
300 |a 4-е бесплатное приложение к журналу "Вестники Библиотека Самообразования" на 1904 г., апрель 
300 |a Текст в русской дореформенной орфографии 
317 |5 63413507: М-132204  |a Поступила в НТБ в 1970 г. в составе книжного собрания профессора ТПИ И. Н. Бутакова 
320 |a Обзор вавилоно-ассирийской истории. (Перечень царей): с. 133-135 
320 |a Указатель собственных имен: с. 136-138 
320 |a Перечень иллюстраций на таблицах,с указанием страниц, к которым они относятся: с. 139-143 
606 1 |a Всеобщая история  |2 stltpush  |3 (RuTPU)RU\TPU\subj\3762 
610 1 |a искусство 
610 1 |a письменность 
610 1 |a астрология 
610 1 |a астрономия 
610 1 |a религия 
610 1 |a врачевание 
610 1 |a мифология 
610 1 |a археология 
610 1 |a раскопки 
610 1 |a Ассирия 
610 1 |a Вавилония 
610 1 |a вавилонская культура 
610 1 |a Вавилония 
610 1 |a цари 
610 1 |a государства 
610 1 |a история 
610 1 |a периоды 
610 1 |a самообразование 
610 1 |a библиотека И. Н. Бутакова 
686 |a Т3(0)  |v LBC/SL-A  |2 rubbk 
700 1 |a Бецольд  |b К.  |c немецкий семитолог и ассириолог  |f 1859-1922  |g Карл  |2 stltpush  |3 (RuTPU)RU\TPU\pers\35888 
702 1 |a Генкель  |b Г. Г.  |c русский востоковед, переводчик  |c ориенталист и филолог  |f 1865-1940  |g Герман Германович  |2 stltpush  |3 (RuTPU)RU\TPU\pers\35889  |4 730 
801 1 |a RU  |b 63413507  |c 20151216 
801 2 |a RU  |b 63413507  |c 20190724  |g RCR 
942 |c BK